| 000 | 00466 a2200145 4500 | ||
|---|---|---|---|
| 005 | 20250626140011.0 | ||
| 020 | _a978-0-415-52975-4 | ||
| 082 | _a624.068 CHA | ||
| 100 | _aCHAN, C .C P. A | ||
| 245 | _aPublic-Private Partnerships in International Construction: Learning from case Studies | ||
| 260 |
_aLondon _bRoutledge, Taylor & Francis Group _c2014. |
||
| 300 |
_axii,190p.: ill.; tables, pictures _bReferences _c23cm |
||
| 700 | _aEsther Cheung | ||
| 942 |
_2ddc _cBKS |
||
| 999 |
_c5376 _d5376 |
||